| 000 | 00478nam a2200169Ia 4500 | ||
|---|---|---|---|
| 003 | GCL | ||
| 008 | 140319s9999 xx 000 0 eng d | ||
| 040 |
_aGCL / _cGCL |
||
| 082 | 0 | 4 |
_a658.562015195 _bMF |
| 100 | 1 | _aMITRA, AMITAVA | |
| 245 | 1 | 0 |
_aFUNDAMENTAL OF QUALITY CONTROL AND IMPROVEMENT / _cMITRA, AMITAVA |
| 260 |
_a[S.N] : _bMACMILLAN PUBLISHING COMPANY ، _c1993 |
||
| 300 | _a664 P | ||
| 650 | 0 | 4 | _aSTATISTICAL METHODS |
| 650 | 0 | 4 | _aQUALITY CONTROL |
| 942 |
_2ddc _cBK |
||
| 999 |
_c19751 _d19751 |
||